Heat and mass transfer a practical approach (Record no. 68161)

000 -LEADER
fixed length control field 00486nam a22001817a 4500
003 - CONTROL NUMBER IDENTIFIER
control field NUST - PNEC
005 - DATE AND TIME OF LATEST TRANSACTION
control field 20170116181044.0
008 - FIXED-LENGTH DATA ELEMENTS--GENERAL INFORMATION
fixed length control field 150923b xxu||||| |||| 00| 0 eng d
020 ## - INTERNATIONAL STANDARD BOOK NUMBER
International Standard Book Number 0072458933 / 0071151508
040 ## - CATALOGING SOURCE
Transcribing agency LIBRARY
082 ## - DEWEY DECIMAL CLASSIFICATION NUMBER
Classification number 621.4022 CEN
100 ## - MAIN ENTRY--PERSONAL NAME
9 (RLIN) 11642
Personal name Yunus A. Çengel
245 ## - TITLE STATEMENT
Title Heat and mass transfer a practical approach
Statement of responsibility, etc. Çengel, Yunus A
250 ## - EDITION STATEMENT
Edition statement 2nd
260 ## - PUBLICATION, DISTRIBUTION, ETC.
Date of publication, distribution, etc. c 2003
650 ## - SUBJECT ADDED ENTRY--TOPICAL TERM
9 (RLIN) 11643
Topical term or geographic name entry element Heat -- Transmission
General subdivision ME
942 ## - ADDED ENTRY ELEMENTS (KOHA)
Source of classification or shelving scheme
Koha item type Book
Holdings
Withdrawn status Lost status Source of classification or shelving scheme Damaged status Not for loan Permanent Location Current Location Shelving location Date acquired Total Checkouts Full call number Barcode Date last seen Price effective from Koha item type Date last checked out Source of acquisition
          Pakistan Navy Engineering College (PNEC) Pakistan Navy Engineering College (PNEC)       621.4022 CEN PNECLIB-026059 09/23/2015   Book    
          Pakistan Navy Engineering College (PNEC) Pakistan Navy Engineering College (PNEC)       621.4022 CEN PNECLIB-029950 09/23/2015   Book    
          Pakistan Navy Engineering College (PNEC) Pakistan Navy Engineering College (PNEC)     4 621.4022 CEN PNECLIB-026294 06/02/2016   Book 05/11/2016  
          Pakistan Navy Engineering College (PNEC) Pakistan Navy Engineering College (PNEC)       621.4022 CEN PNECLIB-027019 09/23/2015   Book    
          Pakistan Navy Engineering College (PNEC) Pakistan Navy Engineering College (PNEC)       621.4022 CEN PNECLIB-032161 11/25/2015   Book   Donated
          Pakistan Navy Engineering College (PNEC) Pakistan Navy Engineering College (PNEC)     1 621.4022 CEN PNECLIB-032162 11/28/2016   Book 11/28/2016 Donated
© 2023 Central Library, National University of Sciences and Technology. All Rights Reserved.